| 000 | 00793nam a2200253Ia 4500 | ||
|---|---|---|---|
| 003 | OSt | ||
| 005 | 20221005072239.0 | ||
| 006 | a|||||r|||| 00| 0 | ||
| 007 | ta | ||
| 008 | 221004b |||||||| |||| 00| 0 eng d | ||
| 020 |
_a9788178847207 (hbk) _c800 |
||
| 024 | _a104508 | ||
| 037 |
_b522, 05/03/2011, Eastern Book Linkers _cTextual |
||
| 040 |
_aCRL _cCRL _beng |
||
| 041 |
_2eng _aeng |
||
| 082 | _a2:(D65,8(B)), Q1 | ||
| 100 |
_aMathew Cherian _938971 |
||
| 245 | 0 | _aModern handbook of electronic library systems | |
| 260 |
_aNew Delhi _bCyber Tech Publications dIndia _c2011 |
||
| 300 |
_aviii, 248p. _ccm. |
||
| 650 | _aLIBRARY SCIENCE | ||
| 942 |
_h2:(D65,8(B)), Q1 _cTEXL _2cc |
||
| 999 |
_c979119 _d979119 |
||